<?xml version="1.0" encoding="UTF-8"?>
<record
    xmlns:xsi="http://www.w3.org/2001/XMLSchema-instance"
    xsi:schemaLocation="http://www.loc.gov/MARC21/slim http://www.loc.gov/standards/marcxml/schema/MARC21slim.xsd"
    xmlns="http://www.loc.gov/MARC21/slim">

  <leader>01671nam2a22003011  4500</leader>
  <controlfield tag="001">rc\980921</controlfield>
  <controlfield tag="005">20250622110436.0</controlfield>
  <datafield tag="035" ind1=" " ind2=" ">
    <subfield code="a">(NLR Aleph) 006255455</subfield>
  </datafield>
  <datafield tag="090" ind1=" " ind2=" ">
    <subfield code="a">6794593</subfield>
    <subfield code="c">6794593</subfield>
  </datafield>
  <datafield tag="100" ind1=" " ind2=" ">
    <subfield code="a">20041129d1982    |||y0rusy50      ca</subfield>
  </datafield>
  <datafield tag="101" ind1="0" ind2=" ">
    <subfield code="a">rus</subfield>
  </datafield>
  <datafield tag="102" ind1=" " ind2=" ">
    <subfield code="a">RU</subfield>
  </datafield>
  <datafield tag="105" ind1=" " ind2=" ">
    <subfield code="a">a   |||||||||</subfield>
  </datafield>
  <datafield tag="200" ind1="1" ind2=" ">
    <subfield code="a">&#x418;&#x441;&#x442;&#x438;&#x43D;&#x430; &#x438; &#x43B;&#x435;&#x433;&#x435;&#x43D;&#x434;&#x430;</subfield>
    <subfield code="f">&#x410;&#x432;&#x442;&#x43E;&#x440;&#x438;&#x437;. &#x43F;&#x435;&#x440;. &#x441; &#x43A;&#x430;&#x437;. &#x422;. &#x421;&#x430;&#x440;&#x442;&#x430;&#x43A;&#x43E;&#x432;&#x43E;&#x439;</subfield>
  </datafield>
  <datafield tag="210" ind1=" " ind2=" ">
    <subfield code="d">1982</subfield>
    <subfield code="a">&#x411;. &#x43C;.</subfield>
  </datafield>
  <datafield tag="215" ind1=" " ind2=" ">
    <subfield code="a">413 &#x441;.</subfield>
    <subfield code="c">&#x438;&#x43B;.</subfield>
  </datafield>
  <datafield tag="300" ind1=" " ind2=" ">
    <subfield code="a">&#x41D;&#x430; &#x43F;&#x435;&#x440;. &#x438; &#x43A;&#x43E;&#x440;&#x435;&#x448;&#x43A;&#x435; &#x442;&#x43E;&#x43B;&#x44C;&#x43A;&#x43E; &#x437;&#x430;&#x433;&#x43B;. &#x442;.</subfield>
  </datafield>
  <datafield tag="327" ind1="1" ind2=" ">
    <subfield code="a">&#x421;&#x43E;&#x434;&#x435;&#x440;&#x436;.: &#x418;&#x441;&#x442;&#x438;&#x43D;&#x430; &#x438; &#x43B;&#x435;&#x433;&#x435;&#x43D;&#x434;&#x430;: &#x420;&#x43E;&#x43C;&#x430;&#x43D;-&#x434;&#x438;&#x430;&#x43B;&#x43E;&#x433; [&#x43E; &#x411;. &#x41C;&#x43E;&#x43C;&#x44B;&#x448;-&#x443;&#x43B;&#x44B;]; &#x41D;&#x435;&#x43E;&#x43A;&#x43E;&#x43D;&#x447;&#x435;&#x43D;&#x43D;&#x44B;&#x439; &#x440;&#x430;&#x437;&#x433;&#x43E;&#x432;&#x43E;&#x440;: &#x41F;&#x43E;&#x432;&#x435;&#x441;&#x442;&#x44C;-&#x43C;&#x43E;&#x43D;&#x43E;&#x43B;&#x43E;&#x433;; &#x418;&#x437; &#x444;&#x440;&#x43E;&#x43D;&#x442;&#x43E;&#x432;&#x44B;&#x445; &#x442;&#x435;&#x442;&#x440;&#x430;&#x434;&#x435;&#x439;</subfield>
  </datafield>
  <datafield tag="461" ind1=" " ind2="0">
    <subfield code="1">001rc\980919</subfield>
    <subfield code="1">2001#$a&#x421;&#x43E;&#x447;&#x438;&#x43D;&#x435;&#x43D;&#x438;&#x44F;$e&#x412; 2 &#x442;.$e&#x41F;&#x435;&#x440;. &#x441; &#x43A;&#x430;&#x437;.$f&#x410;&#x437;&#x438;&#x43B;&#x44C;&#x445;&#x430;&#x43D; &#x41D;&#x443;&#x440;&#x448;&#x430;&#x438;&#x445;&#x43E;&#x432;$g[&#x412;&#x441;&#x442;&#x443;&#x43F;. &#x441;&#x442;. &#x41C;. &#x414;&#x443;&#x439;&#x441;&#x435;&#x43D;&#x43E;&#x432;&#x430;$g&#x425;&#x443;&#x434;&#x43E;&#x436;. &#x41A;. &#x41A;&#x43E;&#x43C;&#x435;&#x442;&#x43E;&#x432;]$v&#x422;. 2</subfield>
    <subfield code="1">700#1$a&#x41D;&#x443;&#x440;&#x448;&#x430;&#x438;&#x445;&#x43E;&#x432;$b&#x410;.$f1922-2011$g&#x410;&#x437;&#x438;&#x43B;&#x44C;&#x445;&#x430;&#x43D;$3RU\NLR\AUTH\770240134</subfield>
    <subfield code="9">6794578</subfield>
    <subfield code="a">&#x41D;&#x443;&#x440;&#x448;&#x430;&#x438;&#x445;&#x43E;&#x432;, &#x410;. (1922-2011)</subfield>
    <subfield code="c">&#x410;&#x43B;&#x43C;&#x430;-&#x410;&#x442;&#x430;</subfield>
    <subfield code="d">1982</subfield>
    <subfield code="f">&#x410;&#x437;&#x438;&#x43B;&#x44C;&#x445;&#x430;&#x43D; &#x41D;&#x443;&#x440;&#x448;&#x430;&#x438;&#x445;&#x43E;&#x432;</subfield>
    <subfield code="n">&#x416;&#x430;&#x437;&#x443;&#x448;&#x44B;</subfield>
    <subfield code="o">&#x412; 2 &#x442;. : &#x41F;&#x435;&#x440;. &#x441; &#x43A;&#x430;&#x437;.</subfield>
    <subfield code="t">&#x421;&#x43E;&#x447;&#x438;&#x43D;&#x435;&#x43D;&#x438;&#x44F;</subfield>
    <subfield code="v">&#x422;. 2</subfield>
  </datafield>
  <datafield tag="464" ind1=" " ind2="0">
    <subfield code="1">2001#$a&#x418;&#x441;&#x442;&#x438;&#x43D;&#x430; &#x438; &#x43B;&#x435;&#x433;&#x435;&#x43D;&#x434;&#x430;</subfield>
    <subfield code="t">&#x418;&#x441;&#x442;&#x438;&#x43D;&#x430; &#x438; &#x43B;&#x435;&#x433;&#x435;&#x43D;&#x434;&#x430;</subfield>
  </datafield>
  <datafield tag="464" ind1=" " ind2="0">
    <subfield code="1">2001#$a&#x41D;&#x435;&#x43E;&#x43A;&#x43E;&#x43D;&#x447;&#x435;&#x43D;&#x43D;&#x44B;&#x439; &#x440;&#x430;&#x437;&#x433;&#x43E;&#x432;&#x43E;&#x440;</subfield>
    <subfield code="t">&#x41D;&#x435;&#x43E;&#x43A;&#x43E;&#x43D;&#x447;&#x435;&#x43D;&#x43D;&#x44B;&#x439; &#x440;&#x430;&#x437;&#x433;&#x43E;&#x432;&#x43E;&#x440;</subfield>
  </datafield>
  <datafield tag="464" ind1=" " ind2="0">
    <subfield code="1">2001#$a&#x418;&#x437; &#x444;&#x440;&#x43E;&#x43D;&#x442;&#x43E;&#x432;&#x44B;&#x445; &#x442;&#x435;&#x442;&#x440;&#x430;&#x434;&#x435;&#x439;</subfield>
    <subfield code="t">&#x418;&#x437; &#x444;&#x440;&#x43E;&#x43D;&#x442;&#x43E;&#x432;&#x44B;&#x445; &#x442;&#x435;&#x442;&#x440;&#x430;&#x434;&#x435;&#x439;</subfield>
  </datafield>
  <datafield tag="801" ind1=" " ind2="0">
    <subfield code="a">RU</subfield>
    <subfield code="b">NLR</subfield>
    <subfield code="g">psbo</subfield>
  </datafield>
  <datafield tag="801" ind1=" " ind2="1">
    <subfield code="a">RU</subfield>
    <subfield code="b">ELAR</subfield>
    <subfield code="2">rusmarc</subfield>
  </datafield>
  <datafield tag="852" ind1=" " ind2=" ">
    <subfield code="a">NLR</subfield>
    <subfield code="j">83-5/753</subfield>
  </datafield>
  <datafield tag="942" ind1=" " ind2=" ">
    <subfield code="c">BOOK</subfield>
  </datafield>
  <datafield tag="980" ind1=" " ind2=" ">
    <subfield code="a">NB</subfield>
  </datafield>
  <datafield tag="995" ind1=" " ind2=" ">
    <subfield code="5">2013-10-26</subfield>
    <subfield code="b">NLR01</subfield>
    <subfield code="c">NLR01</subfield>
    <subfield code="e">RF9</subfield>
    <subfield code="f">6255455-10</subfield>
    <subfield code="k">83-5/753</subfield>
    <subfield code="o">0</subfield>
    <subfield code="r">BOOK</subfield>
    <subfield code="s">835753_</subfield>
  </datafield>
</record>
